| 000 | 00479nam a22001817a 4500 | ||
|---|---|---|---|
| 005 | 20150519094457.0 | ||
| 008 | 150519b xxu||||| |||| 00| 0 eng d | ||
| 041 | 0 | _aeng | |
| 080 | _a62-19 | ||
| 082 | _222 | ||
| 100 | _aDonaldson, Krista | ||
| 245 |
_aThe engineering student survival guide / _cKrista Donaldson. |
||
| 260 |
_a3rd ed. _bMcGraw-Hill, _cc2005. |
||
| 300 |
_axiv, 205 f. : _bme il.; _c23 cm. |
||
| 650 | 0 | _2inxhinieria | |
| 700 | _aKrista Don. | ||
| 942 |
_2udc _cBK |
||
| 999 |
_c828 _d828 |
||